000 00215nam a22000857a 4500
008 170111b xxu||||| |||| 00| 0 eng d
100 _92333
_aJharna.De
245 _aLab-Mathematics-VII
260 _aNew Delhi
_bCordava
_c2007
999 _c5271
_d5271